đź“– 150 premiers mots "La Soeur de la Lune" (Les 7 soeurs T.5) Riley - Statistiques

Statistiques générales
  • Ce quiz a Ă©tĂ© pris 7 fois
  • Le rĂ©sultat moyen est 77 sur 150
Statistiques - réponses
Mots % Correct
Ă 
100%
Dr
100%
j'
100%
J'
100%
- ' Je
100%
je
100%
Je
100%
l'
100%
la
100%
le
100%
m'
100%
mais
100%
Margaret,
100%
- Moi
100%
moi
100%
n'
100%
Pa
100%
Salt.
100%
vous ?
100%
arrivé,
80%
- Au
80%
Au-
80%
Charlie
80%
d'
80%
de
80%
des
80%
Dès
80%
en
80%
est
80%
et
80%
me
80%
oĂą
80%
ou
80%
pas
80%
que
80%
un
80%
ai
60%
appris
60%
aussi,
60%
avais
60%
avait
60%
bien
60%
bon.
60%
ce
60%
Ce
60%
comment
60%
dans
60%
dit...
60%
du
60%
mon
60%
père
60%
quand
60%
sa
60%
cela
40%
Cela
40%
cet
40%
cette
40%
delĂ 
40%
endroit
40%
étais,
40%
étais
40%
étiez-
40%
face
40%
faisais
40%
précisément
40%
rappelle
40%
son
40%
souviens
40%
sur
40%
trouvais
40%
Alors
20%
aurais
20%
avec
20%
beauté
20%
entrée,
20%
grave.
20%
Kinnaird
20%
Kinnaird.
20%
mort
20%
mourir.'
20%
posant
20%
regard
20%
venait
20%
animalier
0%
assise
0%
attention.
0%
attirait
0%
biches.
0%
bleu
0%
cadre,
0%
combien
0%
conversation --
0%
déglutis
0%
demandant
0%
dévié
0%
diable
0%
difficulté,
0%
élégant, ...
0%
'entretien' --
0%
étouffant
0%
excréments
0%
frappante,
0%
hĂ´pital,
0%
indiqua
0%
meilleur
0%
mince
0%
pelle
0%
perçant.
0%
physique
0%
plutĂ´t,
0%
préféré
0%
présence
0%
ramasser
0%
réfectoire
0%
refuge
0%
remarqué
0%
train
0%
vraiment
0%
Aucun quiz correspondant
Distribution des résultats
% des personnes avec chaque résultat
Percentile par nombre de réponses
Votre historique - résultats
Vous n’avez pas pris ce quiz